[Event "HUN-chT 2019-20"]
[Site "Budapest"]
[Date "2019.11.16"]
[Round "1.36"]
[White "Sardy, Peter"]
[Black "Erdos, Boglarka"]
[Result "1-0"]
[WhiteElo "2344"]
[BlackElo "2139"]
[Annotator "NA"]
[PlyCount "71"]
[EventDate "2019.11.16"]
[EventType "team-tourn"]
[EventCountry "HUN"]
[SourceTitle "playchess.com"]
[Source "ChessBase"]
[SourceQuality "1"]

1. e4 e5 2. Nf3 Nc6 3. Bb5 a6 4. Ba4 Nf6 5. O-O Be7 6. d3 b5 7. Bb3 O-O 8. a4 Bb7 9. Nc3 b4 10. Nd5 Na5 11. Ba2 Nxd5 12. exd5 b3 13. cxb3 Bxd5 14. Nxe5 c5 15. Nc4 Nc6 16. Bf4 Be6 17. Rc1 d5 18. Ne5 Nxe5 19. Bxe5 d4 20. Re1 Re8 21. Bb1 Qb6 22. Bc2 Bf8 23. Bf4 Bd5 24. Rxe8 Rxe8 25. Qg4 Bxb3 26. h4 Be6 27. Qd1 Qxb2 28. Rb1 Qa2 29. Rb6 a5 30. Qd2 Bg4 31. f3 Bd7 32. Bb3 Qb1+ 33. Kh2 Qf1 34. Bd6 Re6 35. Bxe6 Bxe6 36. Rb8 1-0

[Event "HUN-chT 2019-20"]
[Site "Budapest"]
[Date "2019.11.16"]
[Round "1.37"]
[White "Stevic, Hrvoje"]
[Black "Fressinet, Laurent"]
[Result "1/2-1/2"]
[WhiteElo "2563"]
[BlackElo "2633"]
[Annotator "ChessBase"]
[PlyCount "61"]
[EventDate "2019.11.16"]
[EventType "team-tourn"]
[EventCountry "HUN"]
[SourceTitle "playchess.com"]
[Source "ChessBase"]
[SourceQuality "1"]

1. e4 e5 2. Nf3 Nc6 3. Nc3 Nf6 4. d4 exd4 5. Nxd4 Bb4 6. Nxc6 bxc6 7. Bd3 O-O 8. O-O d5 9. exd5 cxd5 10. Bg5 c6 11. Qf3 Bd6 12. Rae1 Rb8 13. Nd1 h6 14. Bxf6 Qxf6 15. Qxf6 gxf6 16. b3 f5 17. Ne3 f4 18. Nf5 Bxf5 19. Bxf5 Kg7 20. Rd1 Kf6 21. Bg4 Be5 22. Rd3 Rb7 23. Re1 Re8 24. Rc3 Bxc3 25. Rxe8 Re7 26. Rxe7 Kxe7 27. Kf1 Kd6 28. Ke2 Bd4 29. Bh5 Ke6 30. Kf3 Bb6 31. Kxf4 1/2-1/2

[Event "HUN-chT 2019-20"]
[Site "Budapest"]
[Date "2019.11.16"]
[Round "1.38"]
[White "Sulypa, Oleksandr"]
[Black "Grigoriants, Sergey"]
[Result "1/2-1/2"]
[WhiteElo "2466"]
[BlackElo "2543"]
[Annotator "ChessBase"]
[PlyCount "57"]
[EventDate "2019.11.16"]
[EventType "team-tourn"]
[EventCountry "HUN"]
[SourceTitle "playchess.com"]
[Source "ChessBase"]
[SourceQuality "1"]

1. d4 Nf6 2. c4 e6 3. Nf3 d5 4. Nc3 c5 5. cxd5 Nxd5 6. e4 Nxc3 7. bxc3 cxd4 8. cxd4 Bb4+ 9. Bd2 Bxd2+ 10. Qxd2 O-O 11. Bc4 Nd7 12. O-O b6 13. a4 Bb7 14. Bd3 h6 15. Rfe1 Nf6 16. a5 a6 17. axb6 Qxb6 18. Rab1 Qc7 19. Ne5 Rad8 20. Rec1 Qe7 21. Qe3 Ba8 22. Ra1 Bb7 23. Rab1 Ba8 24. Ra1 Bb7 25. Rab1 Ba8 26. Ra1 Bb7 27. f3 Rc8 28. Nc4 Qd8 29. Bf1 1/2-1/2

[Event "HUN-chT 2019-20"]
[Site "Budapest"]
[Date "2019.11.16"]
[Round "1.39"]
[White "Jovanovic, Zoran"]
[Black "Kallai, Gabor"]
[Result "1-0"]
[WhiteElo "2512"]
[BlackElo "2459"]
[Annotator "ChessBase"]
[PlyCount "39"]
[EventDate "2019.11.16"]
[EventType "team-tourn"]
[EventCountry "HUN"]
[SourceTitle "playchess.com"]
[Source "ChessBase"]
[SourceQuality "1"]

1. e4 c5 2. Nc3 e6 3. Nge2 Nc6 4. g3 d5 5. exd5 exd5 6. d4 Bg4 7. Bg2 Nxd4 8. h3 Bf3 9. Kf1 Nf6 10. Bxf3 Nxf3 11. Nf4 Nd4 12. Be3 g5 13. Nfxd5 Nxd5 14. Bxd4 Rg8 15. Qe2+ Be7 16. Re1 Nxc3 17. Bxc3 Rg6 18. Qf3 Qd7 19. Bf6 O-O-O 20. Bxe7 1-0

[Event "HUN-chT 2019-20"]
[Site "Budapest"]
[Date "2019.11.16"]
[Round "1.40"]
[White "Blohberger, Felix"]
[Black "Gonda, Laszlo"]
[Result "1/2-1/2"]
[WhiteElo "2434"]
[BlackElo "2532"]
[Annotator "ChessBase"]
[PlyCount "152"]
[EventDate "2019.11.16"]
[EventType "team-tourn"]
[EventCountry "HUN"]
[SourceTitle "playchess.com"]
[Source "ChessBase"]
[SourceQuality "1"]

1. d4 Nf6 2. c4 e6 3. Nc3 d5 4. cxd5 exd5 5. Bg5 Be7 6. e3 c6 7. Bd3 Nbd7 8. Nge2 O-O 9. Qc2 Re8 10. f3 Nf8 11. O-O g6 12. Rae1 Ne6 13. Bh4 b5 14. Nf4 Ng7 15. Nce2 Qb6 16. e4 dxe4 17. fxe4 Ng4 18. Bxe7 Rxe7 19. Qd2 Ne5 20. Kh1 Nxd3 21. Qxd3 b4 22. Qc2 Ba6 23. Rc1 Ne6 24. Rfd1 Rd8 25. Nxe6 Rxe6 26. d5 Red6 27. Nd4 cxd5 28. e5 R6d7 29. Qd2 Rc8 30. Rxc8+ Bxc8 31. Rf1 Rc7 32. b3 Qc5 33. Qg5 Qe7 34. Qf4 Bd7 35. h4 h5 36. Kg1 Bg4 37. Qf6 Qxf6 38. exf6 Kf8 39. Kf2 Rc3 40. Re1 Rd3 41. Nc6 Rd2+ 42. Kg3 Be6 43. Rc1 Rxa2 44. Nxb4 Rb2 45. Nxd5 Rxb3+ 46. Kf2 Rb5 47. Nf4 Rf5 48. Kg3 Rxf6 49. Ra1 Bf5 50. Rxa7 Rb6 51. Ra3 Kg7 52. Kf3 Rb4 53. Re3 Rb5 54. Kg3 Kf6 55. Nh3 Rb4 56. Nf4 Be4 57. Nh3 Bb7 58. Nf2 Kf5 59. Rc3 Bd5 60. Rd3 Ke5 61. Re3+ Kd6 62. Ra3 f5 63. Ra6+ Bc6 64. Ra2 f4+ 65. Kh2 f3 66. g4 hxg4 67. Kg3 Rb1 68. Rd2+ Ke5 69. Rd1 Rxd1 70. Nxd1 Bd7 71. Nf2 Kd4 72. Nh1 Ke3 73. Nf2 Ke2 74. Nh1 Kf1 75. Nf2 Bf5 76. Nh1 Kg1 1/2-1/2

[Event "HUN-chT 2019-20"]
[Site "Budapest"]
[Date "2019.11.16"]
[Round "1.41"]
[White "Flumbort, Andras"]
[Black "Feher, Adam"]
[Result "0-1"]
[WhiteElo "2457"]
[BlackElo "2367"]
[Annotator "ChessBase"]
[PlyCount "96"]
[EventDate "2019.11.16"]
[EventType "team-tourn"]
[EventCountry "HUN"]
[SourceTitle "playchess.com"]
[Source "ChessBase"]
[SourceQuality "1"]

1. d4 d5 2. c4 c6 3. Nf3 Nf6 4. Nc3 e6 5. Bg5 h6 6. Bh4 dxc4 7. e4 g5 8. Bg3 b5 9. Be2 Bb7 10. Ne5 Nbd7 11. O-O h5 12. Nxd7 Qxd7 13. Be5 Rh6 14. Qc1 Rg6 15. Rd1 Qe7 16. b3 Nd7 17. bxc4 b4 18. Na4 Nxe5 19. dxe5 Bg7 20. Qe3 Bxe5 21. Rab1 Rg8 22. Nc5 Bc8 23. Rxb4 g4 24. Nd3 Bc7 25. e5 a5 26. Rbb1 Rb8 27. Rxb8 Bxb8 28. Rb1 Ba7 29. Qe4 Kf8 30. Qxc6 Kg7 31. c5 Rd8 32. Qb5 Qc7 33. Rc1 Rd5 34. Qc4 Qd8 35. c6 Rd4 36. Qc3 Qd5 37. Qb3 Qe4 38. Bf1 h4 39. g3 h3 40. Re1 Qxc6 41. Rc1 Qf3 42. Nc5 Qf5 43. Qe3 Bxc5 44. Rxc5 Bb7 45. Rc7 Bd5 46. Rc8 Rd1 47. Qa3 Qxe5 48. Qf8+ Kg6 0-1

[Event "HUN-chT 2019-20"]
[Site "Budapest"]
[Date "2019.11.16"]
[Round "1.42"]
[White "Juhasz, Kristof"]
[Black "Popovics, Adam"]
[Result "1-0"]
[WhiteElo "2449"]
[BlackElo "2365"]
[Annotator "NA"]
[PlyCount "85"]
[EventDate "2019.11.16"]
[EventType "team-tourn"]
[EventCountry "HUN"]
[SourceTitle "playchess.com"]
[Source "ChessBase"]
[SourceQuality "1"]

1. c4 e5 2. g3 Nf6 3. Bg2 c6 4. d4 exd4 5. Qxd4 d5 6. Nf3 Be7 7. O-O O-O 8. cxd5 cxd5 9. Nc3 Nc6 10. Qa4 Qb6 11. Rd1 Rd8 12. Qb5 d4 13. Qxb6 axb6 14. Nb5 Bc5 15. a3 Bf5 16. Bf4 Bc2 17. Rdc1 d3 18. b4 Be7 19. exd3 Bxd3 20. Nc3 Ne4 21. Nxe4 Bxe4 22. Re1 Bf6 23. Rac1 Re8 24. Rcd1 h6 25. h4 b5 26. Re3 Bxf3 27. Rxe8+ Rxe8 28. Bxf3 Nd4 29. Kg2 Nxf3 30. Kxf3 Ra8 31. Bc1 Rc8 32. Be3 Rd8 33. Rxd8+ Bxd8 34. Ke4 Bf6 35. Bd4 Be7 36. Kd5 g6 37. Bc5 Bf6 38. Kd6 Bb2 39. Kc7 Bxa3 40. Kxb7 f5 41. Kc6 Kf7 42. Kxb5 f4 43. gxf4 1-0

[Event "HUN-chT 2019-20"]
[Site "Budapest"]
[Date "2019.11.16"]
[Round "1.43"]
[White "Farago, Ivan"]
[Black "Juhasz, Armin"]
[Result "1/2-1/2"]
[WhiteElo "2350"]
[BlackElo "2395"]
[Annotator "NA"]
[PlyCount "62"]
[EventDate "2019.11.16"]
[EventType "team-tourn"]
[EventCountry "HUN"]
[SourceTitle "playchess.com"]
[Source "ChessBase"]
[SourceQuality "1"]

1. d4 Nf6 2. c4 e6 3. Nf3 d5 4. Nc3 c5 5. cxd5 Nxd5 6. e4 Nxc3 7. bxc3 cxd4 8. cxd4 Bb4+ 9. Bd2 Bxd2+ 10. Qxd2 O-O 11. Rc1 b6 12. Bd3 Ba6 13. Bxa6 Nxa6 14. O-O Qd7 15. Ne5 Qb7 16. Qe2 Nb8 17. Rfd1 Nd7 18. Nc6 Rfe8 19. Qf3 Rac8 20. d5 Nc5 21. h3 h6 22. Rc3 exd5 23. exd5 Qd7 24. Rcc1 f5 25. Re1 Re4 26. Qa3 Rc7 27. Qg3 Kh7 28. Ne5 Qd6 29. f4 Rxe1+ 30. Rxe1 Ne4 31. Qd3 Kg8 1/2-1/2

[Event "HUN-chT 2019-20"]
[Site "Budapest"]
[Date "2019.11.16"]
[Round "1.44"]
[White "Halasz, Tamas"]
[Black "Tompa, Janos"]
[Result "1-0"]
[WhiteElo "2355"]
[BlackElo "2352"]
[Annotator "NA"]
[PlyCount "59"]
[EventDate "2019.11.16"]
[EventType "team-tourn"]
[EventCountry "HUN"]
[SourceTitle "playchess.com"]
[Source "ChessBase"]
[SourceQuality "1"]

1. d4 Nf6 2. Nf3 e6 3. c4 b6 4. g3 Bb7 5. Bg2 d5 6. Ne5 Bb4+ 7. Bd2 Bxd2+ 8. Qxd2 O-O 9. Nc3 Qe7 10. O-O Rd8 11. Rfd1 Na6 12. Rac1 c5 13. cxd5 Nxd5 14. Nxd5 Bxd5 15. Bxd5 Rxd5 16. e4 Rd6 17. Qe2 Qb7 18. dxc5 Rxd1+ 19. Rxd1 Nxc5 20. b4 Qxe4 21. Qh5 g6 22. Qg5 Qxb4 23. Qf6 Qe4 24. Qxf7+ Kh8 25. Qf6+ Kg8 26. Rd8+ Rxd8 27. Qxd8+ Kg7 28. Qe7+ Kh6 29. Qf8+ Kh5 30. g4+ 1-0

[Event "HUN-chT 2019-20"]
[Site "Budapest"]
[Date "2019.11.16"]
[Round "1.45"]
[White "Papp, Petra"]
[Black "Marosi, Levente"]
[Result "1/2-1/2"]
[WhiteElo "2341"]
[BlackElo "2253"]
[Annotator "NA"]
[PlyCount "63"]
[EventDate "2019.11.16"]
[EventType "team-tourn"]
[EventCountry "HUN"]
[SourceTitle "playchess.com"]
[Source "ChessBase"]
[SourceQuality "1"]

1. e4 c6 2. d4 d5 3. Nd2 dxe4 4. Nxe4 Bf5 5. Ng3 Bg6 6. h4 h6 7. Nf3 Nd7 8. h5 Bh7 9. Bd3 Bxd3 10. Qxd3 e6 11. Bd2 Ngf6 12. O-O-O Bd6 13. Ne4 Nxe4 14. Qxe4 Nf6 15. Qe2 Bc7 16. c4 b5 17. Kb1 bxc4 18. Qxc4 Qd5 19. Rc1 Qf5+ 20. Ka1 O-O 21. Qxc6 Bb6 22. Qc2 Qxc2 23. Rxc2 Rfd8 24. Rh4 Rd5 25. g4 Ne4 26. Be3 Ng5 27. Nxg5 hxg5 28. Rh1 Bxd4 29. Bxd4 Rxd4 30. f3 Rad8 31. b3 Rf4 32. Rc3 1/2-1/2

[Event "HUN-chT 2019-20"]
[Site "Budapest"]
[Date "2019.11.16"]
[Round "1.46"]
[White "Geher, Koppany"]
[Black "Kokeny, Norbert Adrian"]
[Result "1-0"]
[WhiteElo "2276"]
[BlackElo "2300"]
[Annotator "NA"]
[PlyCount "109"]
[EventDate "2019.11.16"]
[EventType "team-tourn"]
[EventCountry "HUN"]
[SourceTitle "playchess.com"]
[Source "ChessBase"]
[SourceQuality "1"]

1. e4 c5 2. Nf3 Nc6 3. d4 cxd4 4. Nxd4 Qb6 5. Nb3 Nf6 6. Nc3 e6 7. Qe2 Bb4 8. Bd2 O-O 9. a3 Bxc3 10. Bxc3 e5 11. O-O-O Re8 12. Kb1 d6 13. Rxd6 Nd4 14. Rxd4 exd4 15. Bxd4 Qd8 16. f3 Be6 17. Qf2 Bxb3 18. cxb3 a6 19. Be2 Rc8 20. g4 Nd7 21. Bc3 Qb6 22. Qxb6 Nxb6 23. Bd4 Nd7 24. Bc4 Ne5 25. Bxe5 Rxe5 26. Bd5 Re7 27. Rd1 g5 28. f4 h6 29. h4 gxf4 30. Rf1 Kg7 31. Rxf4 Rec7 32. b4 Rc1+ 33. Ka2 R8c7 34. g5 hxg5 35. Rg4 Rh1 36. Rxg5+ Kf8 37. h5 Rh3 38. Rf5 Kg7 39. Rg5+ Kf8 40. Rf5 Kg7 41. a4 b6 42. Bb3 Re7 43. Bd5 Rc7 44. a5 bxa5 45. bxa5 f6 46. b3 Rc5 47. Bc4 Rxf5 48. exf5 Rxh5 49. Bxa6 Rxf5 50. b4 Kf8 51. Bc8 Rb5 52. Kb3 Ke7 53. a6 Rb8 54. Bb7 Kd6 55. a7 {Kd5} 1-0

[Event "HUN-chT 2019-20"]
[Site "Budapest"]
[Date "2019.11.16"]
[Round "1.47"]
[White "Vegh, Endre"]
[Black "Ongut, Tamas Gunes"]
[Result "0-1"]
[WhiteElo "2232"]
[BlackElo "2164"]
[Annotator "NA"]
[PlyCount "40"]
[EventDate "2019.11.16"]
[EventType "team-tourn"]
[EventCountry "HUN"]
[SourceTitle "playchess.com"]
[Source "ChessBase"]
[SourceQuality "1"]

1. d4 Nf6 2. c4 g6 3. Nc3 Bg7 4. e4 d6 5. f4 c5 6. d5 O-O 7. Nf3 e6 8. Be2 exd5 9. cxd5 Re8 10. e5 dxe5 11. fxe5 Ng4 12. e6 fxe6 13. Bg5 Qb6 14. Qd2 c4 15. O-O-O Nd7 16. Bxc4 Nc5 17. dxe6 Bxe6 18. Qf4 Ne3 19. Rd6 Nxc4 20. Rxe6 Qxb2+ 0-1

[Event "HUN-chT 2019-20"]
[Site "Budapest"]
[Date "2019.11.16"]
[Round "1.48"]
[White "Egyed, Judit"]
[Black "Berczes, Csaba"]
[Result "1-0"]
[WhiteElo "2080"]
[BlackElo "2342"]
[Annotator "NA"]
[PlyCount "105"]
[EventDate "2019.11.16"]
[EventType "team-tourn"]
[EventCountry "HUN"]
[SourceTitle "playchess.com"]
[Source "ChessBase"]
[SourceQuality "1"]

1. e4 d6 2. d4 Nf6 3. Nc3 a6 4. f3 e6 5. Be3 d5 6. exd5 exd5 7. Qd2 Nbd7 8. Nge2 Nb6 9. Nf4 Qd6 10. O-O-O Bd7 11. g4 O-O-O 12. Qf2 h5 13. g5 Ng8 14. Nd3 Nc4 15. Bf4 Qc6 16. Nc5 Bf5 17. Bxc4 dxc4 18. N5e4 Bxe4 19. fxe4 Ne7 20. d5 Qb6 21. Be3 Qg6 22. Rhf1 Rd7 23. Qxf7 Qxf7 24. Rxf7 Ng6 25. Rdf1 Rxf7 26. Rxf7 Ne5 27. Rf1 Be7 28. h3 Kd7 29. Ne2 Rf8 30. Rxf8 Bxf8 31. Nf4 h4 32. Ne6 Bd6 33. Nxg7 Ng4 34. Kd2 Nxe3 35. Kxe3 Be5 36. Nf5 Bxb2 37. g6 Ke8 38. Nxh4 b5 39. Nf5 a5 40. h4 a4 41. d6 b4 42. dxc7 Kd7 43. c8=Q+ Kxc8 44. Nd6+ Kd7 45. Nxc4 a3 46. e5 Ke6 47. Ke4 Bc1 48. Ne3 Bb2 49. Ng4 Ke7 50. h5 Kf8 51. h6 Bc1 52. g7+ Kf7 53. e6+ 1-0

[Event "HUN-chT 2019-20"]
[Site "Budapest"]
[Date "2019.11.16"]
[Round "1.49"]
[White "Mihok, Oliver"]
[Black "Buhmann, Rainer"]
[Result "0-1"]
[WhiteElo "2559"]
[BlackElo "2565"]
[Annotator "ChessBase"]
[PlyCount "110"]
[EventDate "2019.11.16"]
[EventType "team-tourn"]
[EventCountry "HUN"]
[SourceTitle "playchess.com"]
[Source "ChessBase"]
[SourceQuality "1"]

1. e4 e5 2. Nf3 Nc6 3. Bb5 a6 4. Ba4 Nf6 5. O-O Be7 6. Re1 b5 7. Bb3 d6 8. c3 O-O 9. h3 Nb8 10. d4 Nbd7 11. Nbd2 Bb7 12. Bc2 c5 13. d5 c4 14. Nf1 Qc7 15. Ng3 g6 16. Bh6 Rfb8 17. Qd2 a5 18. a4 b4 19. cxb4 axb4 20. Qxb4 Bxd5 21. Qc3 Be6 22. Ng5 Qa5 23. Nxe6 Qxc3 24. bxc3 fxe6 25. f4 Bd8 26. f5 Kf7 27. fxe6+ Kxe6 28. Bd1 Ba5 29. Ra3 Bb6+ 30. Kh2 Bf2 31. Re2 Bxg3+ 32. Kxg3 Nc5 33. Bc2 Rb2 34. Kf3 Rb7 35. g4 Rba7 36. Re1 Rf7 37. Kg2 Rb7 38. Ra2 Nd3 39. Bxd3 cxd3 40. Bg5 Nd7 41. Rf1 Nc5 42. Rf6+ Kd7 43. Kf3 Rxa4 44. Rxa4 Nxa4 45. Ke3 Nc5 46. Rf7+ Kc6 47. Rxb7 Kxb7 48. Bh4 Kb6 49. c4 Ka5 50. Be7 Kb4 51. Bxd6 Kc3 52. Bc7 Nb3 53. c5 d2 54. Bxe5+ Kc2 55. c6 d1=Q 0-1

[Event "HUN-chT 2019-20"]
[Site "Budapest"]
[Date "2019.11.16"]
[Round "1.50"]
[White "Brkic, Ante"]
[Black "Kovacevic, Aleksandar"]
[Result "1-0"]
[WhiteElo "2587"]
[BlackElo "2466"]
[Annotator "ChessBase"]
[PlyCount "111"]
[EventDate "2019.11.16"]
[EventType "team-tourn"]
[EventCountry "HUN"]
[SourceTitle "playchess.com"]
[Source "ChessBase"]
[SourceQuality "1"]

1. e4 e6 2. d4 d5 3. Nc3 Nf6 4. e5 Nfd7 5. f4 c5 6. Nf3 Nc6 7. Be3 Be7 8. Qd2 a6 9. dxc5 Bxc5 10. O-O-O b5 11. h4 Qb6 12. Nd4 Nxd4 13. Bxd4 Bxd4 14. Qxd4 Qxd4 15. Rxd4 Nb8 16. h5 h6 17. Rh3 Bd7 18. Ne2 Nc6 19. Rd1 Ke7 20. Nd4 g5 21. Nxc6+ Bxc6 22. fxg5 Rag8 23. Rg3 Rxg5 24. Rxg5 hxg5 25. Be2 f6 26. exf6+ Kxf6 27. Rf1+ Ke7 28. Kd2 Bd7 29. Bg4 b4 30. Ke3 Bb5 31. Rh1 e5 32. c3 bxc3 33. bxc3 Rh6 34. Bf5 Bc6 35. Rh2 g4 36. Bxg4 Kf6 37. Bf3 Kg5 38. Rh3 a5 39. Kd2 Kf4 40. Rh4+ Kf5 41. Rh1 Kf4 42. Rh4+ Kg3 43. Rg4+ Kf2 44. Rg6 Rxg6 45. hxg6 Be8 46. g7 Bf7 47. c4 dxc4 48. Kc3 Ke3 49. Bc6 e4 50. Bb5 Kf2 51. Bxc4 e3 52. Bxf7 e2 53. g8=Q e1=Q+ 54. Kd4 Qd2+ 55. Kc5 Qc3+ 56. Bc4 1-0

[Event "HUN-chT 2019-20"]
[Site "Budapest"]
[Date "2019.11.16"]
[Round "1.51"]
[White "Csonka, Balazs"]
[Black "Shengelia, David"]
[Result "0-1"]
[WhiteElo "2481"]
[BlackElo "2526"]
[Annotator "ChessBase"]
[PlyCount "115"]
[EventDate "2019.11.16"]
[EventType "team-tourn"]
[EventCountry "HUN"]
[SourceTitle "playchess.com"]
[Source "ChessBase"]
[SourceQuality "1"]

1. d4 d5 2. Nf3 e6 3. c4 a6 4. cxd5 exd5 5. Nc3 c6 6. Qb3 Nf6 7. e4 dxe4 8. Ng5 Nd5 9. Bc4 Bb4 10. Ngxe4 Bxc3+ 11. bxc3 O-O 12. O-O b5 13. Bxd5 Qxd5 14. Re1 Bf5 15. Ba3 Rd8 16. Be7 Qxb3 17. axb3 Rd5 18. Nc5 f6 19. Rad1 Bc2 20. Rd2 Bg6 21. c4 Rf5 22. Bd6 a5 23. g4 Rf3 24. Re7 Na6 25. Kg2 Nxc5 26. Bxc5 Rxb3 27. cxb5 Rxb5 28. Rc7 a4 29. Ra2 Be4+ 30. f3 Bd5 31. Re2 Rxc5 32. dxc5 a3 33. Re1 a2 34. Ra1 Ra3 35. h3 Rxf3 36. Kh2 Rf2+ 37. Kg3 Rf3+ 38. Kh2 Re3 39. h4 Re2+ 40. Kg3 Rg2+ 41. Kh3 h6 42. Ra7 Rb2 43. Re1 Rb3+ 44. Kh2 Rb2+ 45. Kg3 Rb3+ 46. Kh2 Rb1 47. Re8+ Kh7 48. Rea8 Kg6 49. Kg3 h5 50. gxh5+ Kxh5 51. Kf4 Rf1+ 52. Ke3 Kg6 53. Ra4 f5 54. Kd4 Re1 55. Kd3 f4 56. R8a7 f3 57. Rg4+ Kh6 58. Kd4 0-1

[Event "HUN-chT 2019-20"]
[Site "Budapest"]
[Date "2019.11.16"]
[Round "1.52"]
[White "Horvath, Csaba"]
[Black "Farkas, Tibor"]
[Result "1/2-1/2"]
[WhiteElo "2509"]
[BlackElo "2274"]
[Annotator "ChessBase"]
[PlyCount "69"]
[EventDate "2019.11.16"]
[EventType "team-tourn"]
[EventCountry "HUN"]
[SourceTitle "playchess.com"]
[Source "ChessBase"]
[SourceQuality "1"]

1. d4 Nf6 2. Nf3 g6 3. g3 Bg7 4. Bg2 d5 5. O-O O-O 6. Nbd2 b6 7. c4 e6 8. b4 c6 9. a4 Nbd7 10. Ba3 Re8 11. Qc2 a6 12. e4 dxe4 13. Nxe4 Nxe4 14. Qxe4 Bb7 15. Ne5 f5 16. Qe3 Nxe5 17. dxe5 Qc7 18. f4 Bf8 19. c5 b5 20. Bb2 bxa4 21. Rxa4 a5 22. Rd1 axb4 23. Rxb4 Ra5 24. Rd6 Rb5 25. Qd4 Qa5 26. Rxb5 Qxb5 27. Bf1 Qa5 28. Bc3 Qa3 29. Bc4 Qc1+ 30. Kg2 Qc2+ 31. Kh3 Bc8 32. Bd3 Qa2 33. Bc4 Qc2 34. Bd3 Qa2 35. Bc4 1/2-1/2

[Event "HUN-chT 2019-20"]
[Site "Budapest"]
[Date "2019.11.16"]
[Round "1.53"]
[White "Hajnal, Zoltan"]
[Black "Horvath, Jozsef"]
[Result "0-1"]
[WhiteElo "2386"]
[BlackElo "2437"]
[Annotator "NA"]
[PlyCount "84"]
[EventDate "2019.11.16"]
[EventType "team-tourn"]
[EventCountry "HUN"]
[SourceTitle "playchess.com"]
[Source "ChessBase"]
[SourceQuality "1"]

1. e4 c6 2. d4 d5 3. Nc3 dxe4 4. Nxe4 Bf5 5. Ng3 Bg6 6. Bc4 e6 7. N1e2 Nf6 8. O-O Nbd7 9. f4 Nb6 10. Bd3 Bxd3 11. Qxd3 g6 12. b3 Be7 13. c4 Nbd7 14. Bb2 O-O 15. Rad1 Re8 16. f5 exf5 17. Nxf5 Bf8 18. Neg3 b5 19. Qd2 bxc4 20. bxc4 gxf5 21. Qg5+ Kh8 22. d5 Qb6+ 23. Rf2 cxd5 24. Nh5 Re2 25. Bd4 Re1+ 26. Rf1 Rxd1 27. Bxb6 Rxf1+ 28. Kxf1 axb6 29. cxd5 Nxh5 30. Qxh5 Ne5 31. Qxf5 Bg7 32. Qb1 Nc4 33. Qb5 Ne3+ 34. Ke2 Nxg2 35. d6 Nf4+ 36. Kf3 Ne6 37. Qxb6 Bd4 38. Qc6 Ra3+ 39. Kg4 Rxa2 40. h4 Kg7 41. h5 Bf6 42. Qe8 h6 0-1

[Event "HUN-chT 2019-20"]
[Site "Budapest"]
[Date "2019.11.16"]
[Round "1.54"]
[White "Seres, Lajos"]
[Black "Saric, Sinisa"]
[Result "1/2-1/2"]
[WhiteElo "2422"]
[BlackElo "2401"]
[Annotator "NA"]
[PlyCount "68"]
[EventDate "2019.11.16"]
[EventType "team-tourn"]
[EventCountry "HUN"]
[SourceTitle "playchess.com"]
[Source "ChessBase"]
[SourceQuality "1"]

1. d4 Nf6 2. Nf3 g6 3. c4 Bg7 4. g3 c5 5. Bg2 cxd4 6. Nxd4 O-O 7. O-O d5 8. cxd5 Nxd5 9. Nc3 Nxc3 10. bxc3 Nc6 11. Be3 Na5 12. Rb1 Bd7 13. Nb3 Nc4 14. Bd4 Bc6 15. Bxc6 bxc6 16. Bxg7 Kxg7 17. Qd4+ Qxd4 18. cxd4 Rfb8 19. Rbc1 Rb4 20. Rc3 a5 21. Rfc1 Nd6 22. e3 a4 23. Nd2 Rb2 24. R1c2 Rxc2 25. Rxc2 Rb8 26. Kf1 Kf8 27. Ke2 Ke8 28. Kd3 Kd7 29. Nc4 Nxc4 30. Rxc4 Rb2 31. Rc2 Rb1 32. Rc4 Rb2 33. Rc2 Rb1 34. Rc4 Rb2 1/2-1/2

[Event "HUN-chT 2019-20"]
[Site "Budapest"]
[Date "2019.11.16"]
[Round "1.55"]
[White "Tatar Kis, Szabolcs"]
[Black "Szuk, Balazs"]
[Result "1-0"]
[WhiteElo "2376"]
[BlackElo "2361"]
[Annotator "NA"]
[PlyCount "67"]
[EventDate "2019.11.16"]
[EventType "team-tourn"]
[EventCountry "HUN"]
[SourceTitle "playchess.com"]
[Source "ChessBase"]
[SourceQuality "1"]

1. e4 c5 2. Nf3 Nc6 3. d4 cxd4 4. Nxd4 Nf6 5. Nc3 e5 6. Ndb5 d6 7. Bg5 a6 8. Na3 b5 9. Bxf6 gxf6 10. Nd5 Bg7 11. g3 Ne7 12. Bg2 Nxd5 13. Qxd5 Be6 14. Qd2 Qb6 15. c3 O-O 16. O-O a5 17. Nc2 Rab8 18. a3 f5 19. exf5 Bxf5 20. Ne3 Bh6 21. Qe2 Bxe3 22. fxe3 Be6 23. Rf6 Kg7 24. Qf2 Qd8 25. Rf1 Bc4 26. Qf5 Bxf1 27. Be4 d5 28. Qg5+ Kh8 29. Qxe5 Qe8 30. Qxd5 Bh3 31. Rh6 Qd8 32. Qe5+ f6 33. Rxh7+ Kg8 34. Qh5 1-0

[Event "HUN-chT 2019-20"]
[Site "Budapest"]
[Date "2019.11.16"]
[Round "1.56"]
[White "Gara, Anita"]
[Black "Horvath, Zsolt"]
[Result "1/2-1/2"]
[WhiteElo "2366"]
[BlackElo "2396"]
[Annotator "NA"]
[PlyCount "76"]
[EventDate "2019.11.16"]
[EventType "team-tourn"]
[EventCountry "HUN"]
[SourceTitle "playchess.com"]
[Source "ChessBase"]
[SourceQuality "1"]

1. e4 c6 2. d4 d5 3. e5 Bf5 4. h4 h5 5. Bd3 Bxd3 6. Qxd3 e6 7. Ne2 Qa5+ 8. Nd2 Qa6 9. c4 Nd7 10. b3 Ne7 11. Qc2 Nf5 12. Bb2 Bb4 13. Bc3 Be7 14. g3 Rd8 15. Rc1 dxc4 16. bxc4 Nb6 17. Qb3 c5 18. dxc5 Bxc5 19. O-O O-O 20. Ne4 Ba3 21. Rc2 Qxc4 22. Nf6+ gxf6 23. Qxa3 fxe5 24. Rfc1 Qe4 25. Qxa7 Nd5 26. Be1 b5 27. Qa5 Nde3 28. fxe3 Nxe3 29. Nc3 Qf3 30. Qxb5 Nxc2 31. Rxc2 Rd3 32. Re2 Rxc3 33. Bxc3 Qxc3 34. Qxe5 Qxe5 35. Rxe5 Ra8 36. Rg5+ Kf8 37. Rxh5 Rxa2 38. Rg5 f6 1/2-1/2

[Event "HUN-chT 2019-20"]
[Site "Budapest"]
[Date "2019.11.16"]
[Round "1.57"]
[White "Szalai, Kornel"]
[Black "Bakos, Balazs"]
[Result "1/2-1/2"]
[WhiteElo "2380"]
[BlackElo "2404"]
[Annotator "NA"]
[PlyCount "62"]
[EventDate "2019.11.16"]
[EventType "team-tourn"]
[EventCountry "HUN"]
[SourceTitle "playchess.com"]
[Source "ChessBase"]
[SourceQuality "1"]

1. Nf3 Nf6 2. c4 g6 3. Nc3 d5 4. cxd5 Nxd5 5. Qa4+ Nc6 6. Ne5 Qd6 7. Nxc6 Qxc6 8. Qxc6+ bxc6 9. g3 Bg7 10. Bg2 Be6 11. b3 O-O-O 12. Bb2 Nxc3 13. Bxc3 Bxc3 14. dxc3 Rd6 15. Rd1 Rhd8 16. Rxd6 Rxd6 17. Be4 c5 18. Bd3 c4 19. bxc4 Ra6 20. Kd2 Rxa2+ 21. Ke3 c5 22. Rb1 Kc7 23. Rb5 Kd6 24. Rb7 f5 25. h4 Ra4 26. Kd2 Bc8 27. Rb8 Kc7 28. Rb5 Kc6 29. Rb8 Kc7 30. Rb5 Kc6 31. Rb8 Kc7 1/2-1/2

[Event "HUN-chT 2019-20"]
[Site "Budapest"]
[Date "2019.11.16"]
[Round "1.58"]
[White "Fogarasi, Tibor"]
[Black "Udvardi, Zalan"]
[Result "1-0"]
[WhiteElo "2365"]
[BlackElo "2171"]
[Annotator "NA"]
[PlyCount "99"]
[EventDate "2019.11.16"]
[EventType "team-tourn"]
[EventCountry "HUN"]
[SourceTitle "playchess.com"]
[Source "ChessBase"]
[SourceQuality "1"]

1. e4 c5 2. Nc3 Nc6 3. Nf3 e5 4. Bc4 Be7 5. d3 Nf6 6. Nd2 d6 7. Nf1 Bg4 8. f3 Be6 9. Ne3 O-O 10. O-O Nh5 11. Ncd5 Bg5 12. g3 Bxe3+ 13. Bxe3 Bxd5 14. Bxd5 Nf6 15. Bg5 h6 16. Bxf6 Qxf6 17. c3 Ne7 18. Bc4 Rab8 19. a4 g5 20. Qd2 Ng6 21. Rad1 Kg7 22. d4 Rbd8 23. Qe3 Qe7 24. Rd3 h5 25. dxc5 dxc5 26. Rfd1 h4 27. Qd2 Rxd3 28. Qxd3 Qf6 29. Kg2 hxg3 30. hxg3 Rh8 31. Qd7 Nf4+ 32. gxf4 Qxf4 33. Qxf7+ Qxf7 34. Bxf7 Kxf7 35. Rd7+ Ke6 36. Rxb7 Rd8 37. Kg3 Rd2 38. b4 Rb2 39. Rb5 cxb4 40. cxb4 Kd6 41. Kg4 Ke6 42. Kxg5 Rg2+ 43. Kh4 Rb2 44. a5 Kd6 45. Rb7 Rh2+ 46. Kg3 Rb2 47. b5 Kc5 48. b6 a6 49. Rd7 Kc6 50. Rd5 {Kxd5} 1-0